LEADER 03838nam 2200673 a 450 001 9910144578803321 005 20170816122217.0 010 $a1-282-12235-5 010 $a9786612122354 010 $a0-470-51379-9 010 $a0-470-51380-2 035 $a(CKB)1000000000377081 035 $a(EBL)470303 035 $a(OCoLC)609849094 035 $a(SSID)ssj0000357658 035 $a(PQKBManifestationID)11263414 035 $a(PQKBTitleCode)TC0000357658 035 $a(PQKBWorkID)10358974 035 $a(PQKB)11622223 035 $a(MiAaPQ)EBC470303 035 $a(EXLCZ)991000000000377081 100 $a19890328d1989 uy 0 101 0 $aeng 135 $aur|n|---||||| 181 $ctxt 182 $cc 183 $acr 200 00$aCellular basis of morphogenesis$b[electronic resource] 210 $aChichester, West Sussex, England ;$aNew York $cWiley$d1989 215 $a1 online resource (318 p.) 225 1 $aCiba Foundation symposium ;$v144 300 $a"Symposium on Cellular Basis of Morphogenesis, held at the Juan March Foundation, Madrid, Spain 18-20 October 1988"--P. v. 300 $aEdited by David Evered and Joan Marsh. 300 $a"A Wiley-Interscience publication." 311 $a0-471-92306-0 320 $aIncludes bibliographies and index. 327 $aCELLULAR BASIS OF MORPHOGENESIS; Contents; Participants; Introduction1; The cellular i nterphase; Localization of mRNA and axis formation during Xenopus embryogenesis; Axis determination in insect embryos; Morphogen gradients and the control of body pattern in insect embryos; General discussion I; The establishment of regional identity in the Xenopus blastula; Factors specifying cell lineages in the leech; Cell lineage and cell states in the Drosophila embryo; General discussion I I 327 $aln vivo competition identifies posit i ve cis- reg u I at o r y e I em e n t s required for lineage-specific gene expression in the sea urchin embryoCell allocation and lineage in the early mouse embryo; Induction and the organization of the body plan in Xenopus development; General discussion I I I; Genetic control of cellular interactions in Caenorhabditis elegans development; Structure and function of the bithorax complex genes of Drosophila; Cad heri n-mediated specific cell adhesion and animal morphogenesis 327 $aPolarity and patterning in the neural tube: the origin and function of the floor plateCellular communication in the developing Drosophila eye; General discussion IV; Summary; Index of contributors; Subject index 330 $aContributors to this symposium focus on the interface between genes and cells, covering genetic analysis, cloning studies, and the investigation of cell lineages and cellular interactions. They note how the body axes are already determined in the eggs of invertebrates and amphibia, then consider the mechanisms as the egg cleaves, in annelids, arthropods, amphibia, and mice that underlie assignation of cells to specific lineages, which give rise to different tissues in the adult. Closing chapters characterize the molecules that mediate each cell's particular fate, its position in the final body 410 0$aCiba Foundation symposium ;$v144. 606 $aMorphogenesis 606 $aDevelopmental cytology 608 $aElectronic books. 615 0$aMorphogenesis. 615 0$aDevelopmental cytology. 676 $a574.332 676 $a591.3 676 $a591.332 701 $aEvered$b David$0857127 701 $aMarsh$b Joan$091633 712 12$aSymposium on Cellular Basis of Morphogenesis$f(1988 :$eMadrid, Spain) 801 0$bMiAaPQ 801 1$bMiAaPQ 801 2$bMiAaPQ 906 $aBOOK 912 $a9910144578803321 996 $aCellular basis of morphogenesis$91954840 997 $aUNINA LEADER 04101nam 2200625 450 001 9910786419803321 005 20200903223051.0 010 $a90-04-26040-4 024 7 $a10.1163/9789004260405 035 $a(CKB)3710000000115914 035 $a(EBL)1693762 035 $a(SSID)ssj0001224358 035 $a(PQKBManifestationID)11696276 035 $a(PQKBTitleCode)TC0001224358 035 $a(PQKBWorkID)11262186 035 $a(PQKB)10951420 035 $a(MiAaPQ)EBC1693762 035 $a(nllekb)BRILL9789004260405 035 $a(Au-PeEL)EBL1693762 035 $a(CaPaEBR)ebr10873759 035 $a(CaONFJC)MIL613049 035 $a(OCoLC)880826933 035 $a(PPN)184928575 035 $a(EXLCZ)993710000000115914 100 $a20140602h20142014 uy 0 101 0 $aeng 135 $aur|n|---||||| 181 $ctxt 182 $cc 183 $acr 200 10$aFailure to prevent gross human rights violations in Darfur $ewarnings to and responses by international decision makers (2003-2005) /$fby Fred Gru?nfeld , Wessel N. Vermeulen in cooperation with Jasper Krommendijk 210 1$aLeiden, Netherlands :$cBrill Nijhoff,$d2014. 210 4$d©2014 215 $a1 online resource (285 p.) 225 1 $aInternational Criminal Law Series,$x2213-2724 ;$vVolume 6 300 $aDescription based upon print version of record. 311 $a90-04-26031-5 320 $aIncludes bibliographical references and index. 327 $tPreliminary material /$rFred Grünfeld , Wessel N. Vermeulen and Jasper Krommendijk -- $t1. Introducing the Research: Questions and Methodology /$rFred Grünfeld , Wessel N. Vermeulen and Jasper Krommendijk -- $t2. Theories in International Relations /$rFred Grünfeld , Wessel N. Vermeulen and Jasper Krommendijk -- $t3. Case Studies: Rwanda (1994) and Srebrenica (1995) /$rFred Grünfeld , Wessel N. Vermeulen and Jasper Krommendijk -- $t4. A Background of Darfur /$rFred Grünfeld , Wessel N. Vermeulen and Jasper Krommendijk -- $t5. Warnings: February 2003?February 2004 /$rFred Grünfeld , Wessel N. Vermeulen and Jasper Krommendijk -- $t6. First Actions and Increased Public Outcry: March 2004?May 2004 /$rFred Grünfeld , Wessel N. Vermeulen and Jasper Krommendijk -- $t7. Increased International Activity and Decision-making: June 2004?September 2004 /$rFred Grünfeld , Wessel N. Vermeulen and Jasper Krommendijk -- $t8. No Further Decisions: October 2004?January 2005 /$rFred Grünfeld , Wessel N. Vermeulen and Jasper Krommendijk -- $t9. New Decisions of the Security Council: January 2005?March 2005 /$rFred Grünfeld , Wessel N. Vermeulen and Jasper Krommendijk -- $t10. Epilogue: The International Response to Darfur after 2005 /$rFred Grünfeld , Wessel N. Vermeulen and Jasper Krommendijk -- $t11. Conclusions /$rFred Grünfeld , Wessel N. Vermeulen and Jasper Krommendijk -- $tAppendix: Timeline /$rFred Grünfeld , Wessel N. Vermeulen and Jasper Krommendijk -- $tBibliography /$rFred Grünfeld , Wessel N. Vermeulen and Jasper Krommendijk -- $tIndex /$rFred Grünfeld , Wessel N. Vermeulen and Jasper Krommendijk. 330 $aThe book looks at the role of states and international organisations in their attempts to prevent the genocide in Darfur (2003-2005); from early warning to limited action in the field of humanitarian assistance, mediation, sanctions and peace-keeping. The book uses several theories to explain how decision-making led to the (absence) of international responses. 410 0$aInternational criminal law series ;$vVolume 6. 606 $aGenocide intervention$zSudan$zDarfur 607 $aSudan$xHistory$yDarfur Conflict, 2003-$xLaw and legislation 615 0$aGenocide intervention 676 $a962.404/3 700 $aGru?nfeld$b Fred$f1949-$01524806 702 $aVermeulen$b Wessel N. 702 $aKrommendijk$b Jasper 801 0$bMiAaPQ 801 1$bMiAaPQ 801 2$bMiAaPQ 906 $aBOOK 912 $a9910786419803321 996 $aFailure to prevent gross human rights violations in Darfur$93765835 997 $aUNINA